Rozšírenie a údržba systému automatizácie učebne v prostredí ABT Site

Gespeichert in:
Bibliographische Detailangaben
1. Verfasser: Hudák, Samuel (Verfasst von)
Weitere Verfasser: Bartalský, Lukáš (Betreuung Doktorarbeit)
Format: Manuskript Buch
Sprache:Slowakisch
Veröffentlicht: 2025
Schlagworte:
Online-Zugang:http://is.stuba.sk/zp/portal_zp.pl?podrobnosti=185679
Tags: Tag hinzufügen
Keine Tags, Fügen Sie das erste Tag hinzu!

MARC

LEADER 00000ntm a22000003a 4500
001 stuzp105512
003 SK-STU
005 20250621210546.4
007 ta
008 150427s2015----xo-----f-mn---000-0-slo-d
040 |a STU  |b slo 
041 0 |a slo 
100 1 |a Hudák, Samuel  |u 020020  |4 aut  |U SjF Strojnícka fakulta  |T SjF Ústav automatizácie, informatizácie a merania  |X 110694  |U J0020  |Y 802  |7 110694 
242 0 1 |a Extension and maintenance of a control system of a classroom using ABT Site software  |y eng 
245 1 0 |a Rozšírenie a údržba systému automatizácie učebne v prostredí ABT Site 
260 |c 2025 
650 4 |a ABT Site  |2 slo 
650 4 |a PXC  |2 slo 
650 4 |a automatizácia budov  |2 slo 
650 4 |a ABT Site  |2 eng 
650 4 |a automation of buildings  |2 eng 
650 4 |a PXC  |2 eng 
700 1 |a Bartalský, Lukáš  |u 020020  |k Z1  |4 ths  |U SjF Strojnícka fakulta  |T SjF Ústav automatizácie, informatizácie a merania  |X 57845  |U J0020  |Y 802  |7 A000057845 
856 4 |u http://is.stuba.sk/zp/portal_zp.pl?podrobnosti=185679